Tội phạm kinh tế thời mở cửa

Zapisane w:
Opis bibliograficzny
1. autor: Nguyễn Xuân Yêm, GS.TS
Format: Książka
Wydane: Công an nhân dân 2004
Etykiety: Dodaj etykietę
Nie ma etykietki, Dołącz pierwszą etykiete!
Thư viện lưu trữ: Mạng thư viện Đại học Đà Nẵng
LEADER 00612nam a2200229 a 4500
001 000029801
003 16820
005 20171030145630.0
008 171030s2004
020 |c 250000 
040 |a LTT 
082 0 |a 364.13  |b NG-Y 
100 1 |a Nguyễn Xuân Yêm, GS.TS 
245 0 0 |a Tội phạm kinh tế thời mở cửa  |c Nguyễn Xuân Yêm, Nguyễn Hoà Bình (chủ biên). 
260 |b Công an nhân dân  |c 2004 
OWN |a LTT 
999 |a From the UDN01 
TYP |a Monograph 
TYP |a Printed language 
980 |a Mạng thư viện Đại học Đà Nẵng